Normal view
MARC view
- Resnick Robert, Walker Jearl
Entry Corporate Name
001 - CONTROL NUMBER
- control field: 124531
003 - CONTROL NUMBER IDENTIFIER
- control field: NUST
005 - DATE AND TIME OF LATEST TRANSACTION
- control field: 20240718100035.0
008 - FIXED-LENGTH DATA ELEMENTS
- fixed length control field: 240718|| aca||aabn | a|a d
040 ## - CATALOGING SOURCE
- Original cataloging agency: NUST
- Transcribing agency: NUST
110 ## - HEADING--CORPORATE NAME
- Corporate name or jurisdiction name as entry element: Resnick Robert, Walker Jearl
670 ## - SOURCE DATA FOUND
- Source citation: Work cat.: (NUST): Halliday David 5033, Fundamentals of Physics, 2003.
